[Event "Continental op"]
[Site "Las Vegas"]
[Date "2001.07.29"]
[Round "5"]
[White "Atalik, Suat"]
[Black "Goldin, Alexander"]
[Result "0-1"]
[WhiteElo "2537"]
[BlackElo "2594"]
[Annotator "Atalik,S"]
[PlyCount "160"]
[EventDate "2001.07.26"]
[EventType "swiss"]
[EventRounds "6"]
[EventCountry "USA"]
[SourceTitle "EXT 2002"]
[Source "ChessBase"]
[SourceDate "2001.11.25"]
[SourceVersion "1"]
[SourceVersionDate "2001.11.25"]
[SourceQuality "1"]

1. d4 Nf6 2. c4 e6 3. Nf3 b6 4. g3 Ba6 5. b3 Bb4+ 6. Bd2 Be7 7. Bg2 c6 8. Bc3
d5 9. Nbd2 Nbd7 10. O-O O-O 11. Re1 Bb7 $5 {Black tries to play without
immediate c5 thus inviting white to play e5.} (11... c5 12. e4 Nxe4 13. Nxe4
dxe4 14. Rxe4 Bb7 {is normal.}) 12. e4 Rc8 13. Rc1 h6 {After this move I
decide not to delay e5 because black has committed some sort of weakness in
kingside.} 14. e5 Ne8 15. cxd5 {I wanted to play this move before black plays
Nc7 and got ready for c5.} cxd5 16. Bf1 Nc7 17. Bb2 $1 {At least temporarily
preventing Ba6.Also white already considers Bf1-d3-b1 maneuver.} Nb8 18. Bd3 $6
{I did not particularly like this move.The reason for that it marks time.} (18.
h4 Ba6 19. Nh2 $1 Bxf1 20. Ndxf1 {and white is ready for kingside action.})
18... Ba6 19. Bb1 Nb5 $1 {With this superb move black's game becomes more
meaningful.} 20. Nf1 Na3 21. Bd3 Qd7 22. Qe2 $1 {White is seemingly on the
defensive side.Na3 looks great but on the other hand black may have to pull it
out.} Bxd3 23. Qxd3 Nc6 $5 {Risky play.During the game my opinion was black
had to look for queens exchange.} (23... Qb5 24. Qxb5 Nxb5 25. a4 Ba3 (25...
Na3 26. Ne3 b5 27. Rxc8 Rxc8 28. Bxa3 Bxa3 29. axb5 Rc3 30. Ra1 Rxb3 31. Kg2
$11) 26. axb5 Bxb2 27. Rxc8 Rxc8 28. Re2 Bc3 29. Ra2 Rc7 30. Ne3 $11) 24. Ne3
a5 (24... Nb4 25. Qd2) 25. Ng4 Rfe8 $6 {This is another planless move.I was
anticipating other moves but this.} (25... Nb4 {After this natural move white
has a choice of going for some unclear postion or to force a draw by pseudo
aggressive sacrifices.} 26. Nxh6+ (26. Qd2 Nbc2 27. Red1 Rfd8 $13) 26... gxh6
27. Qd2 Nbc2 28. Qxh6 Nxe1 29. Rxe1 (29. Ng5 Nf3+) 29... Qb5 30. Bxa3 $11) (
25... Rfd8 26. Qe3 Bf8 $13) 26. Qd2 Kh7 27. Qf4 $1 $16 Bb4 $8 {This is an
interesting stage of the game.I believe "Shurik" was already in time trouble.I
started to calculate the longest queen move possible in the position,then gave
the whole idea up because I thought that it would lead to some unclear
position.} 28. Re2 $2 (28. Qxh6+ $1 gxh6 29. Nf6+ Kg7 30. Nxd7 Bxe1 31. Nxe1
Nb5 (31... Nxd4 32. Rxc8 Rxc8 33. Bxa3 b5 34. Kf1 b4 35. Bb2 Nb5 36. Ke2 $1)
32. Nxb6 Rc7 33. Rc5 Nba7 34. Nd3 Rb8 35. Na4 $16) 28... Qe7 29. h4 Nb8 30. Kg2
Nd7 31. Rh1 Kg8 {and whites advantage has evaporated.} 32. Bc1 (32. Nxh6+ gxh6
33. Qxh6 Qf8) 32... Nb5 33. Nxh6+ $2 {Ridiculous sacrifice,in the last moves
white of course misplaced all of his pieces but stillthis is too much.} ({
After the thematic} 33. Ng5 $2 {black does not have to take it.}) 33... gxh6
34. Qxh6 f6 $6 (34... f5 $142) ({Bad is} 34... Qf8 35. Qf4) 35. h5 Qh7 36. Qf4
{Best under these circumstances.} (36. Qxh7+ $6 Kxh7 37. exf6 Nxf6 38. a4 Nd6
39. Rxe6 Rxe6 40. Ng5+ Kg8 41. Nxe6 Nde4 {and black dominates.}) 36... Qf5 37.
Qh4 Nc3 38. g4 Qh7 39. Re3 ({Tempting was} 39. exf6 Nxe2 40. Ng5 Qc2 $1 (40...
Nxc1 41. Nxh7) 41. f7+ Kh8 42. fxe8=Q+ Rxe8 43. Nf7+ Kg7 44. Qg5+ Kxf7 {
Whites attack vanishes since g6 square is under control.} 45. Qg6+ Qxg6 $19)
39... Ne4 (39... Be7 40. exf6 Bxf6 41. g5) 40. exf6 Ndxf6 $17 {With this move
we have completedthe time control.A though defends was waiting for white.} 41.
Re2 Nd7 (41... Be7 $2 42. g5 Nxh5 (42... Qxh5 43. gxf6 Qxh4 44. Rxh4 Bxf6 45.
Rg4+ Kf7 46. Bf4 $11) 43. Be3 $1 {and white wins the piece back.}) 42. Be3 (42.
Ng5 $6 Be7) 42... Rf8 43. Ng5 (43. g5 Qf5) 43... Nxg5 44. Qxg5+ Kh8 45. Qh6 $1
{White has to exchange queens to put up a fight.} Rc6 46. Qxh7+ Kxh7 47. g5 Kg7
48. Rc1 $1 {Any exchange strangely is a mean of relief for white.} Rxc1 ({After
} 48... Nb8 49. Kg3 {black still keeps his edge.Black has to somehow improve
his knight.}) 49. Bxc1 Rc8 50. Bf4 Kf7 51. Kh3 Ba3 $2 {A very bad idea,
bringing black's game in absolute jeopardy.} (51... Rh8 52. Kg4 Bc3 53. Be3 e5
54. dxe5 Nxe5+ 55. Kf5 Ke7 $1 (55... Rxh5 56. Rc2 d4 57. Kxe5 dxe3+ 58. Rxc3
Rxg5+ 59. Ke4 exf2 60. Rf3+ $11) 56. g6 Rxh5+ 57. Bg5+ Kf8 58. f4 Nc6 59. Kg4
Rh1 60. Re6 $132) 52. Kg4 Bc1 53. Bd6 Rc6 $1 {Black is aware of the c line's
importance.} (53... Rg8 $2 54. g6+ Kf6 55. Rc2 (55. Bg3 Ke7) 55... Bh6 56. Rc7
Rd8 57. Bg3 $18) 54. Bg3 Ba3 55. f4 Nf8 56. f5 ({Now I did not want to take a
draw with.} 56. g6+ Nxg6 57. hxg6+ Kxg6 58. Rxe6+ Rxe6 59. f5+ Kf7 60. fxe6+
Kxe6 61. Bc7 b5 62. Bxa5 Kd7 63. Kf5 Kc6 64. Ke6 Bb2 65. Ke5 Ba3 66. Bd8 Bd6+
67. Ke6 Ba3 68. Bf6 Bb2 $11 69. a4 bxa4 70. bxa4 Bxd4 $1 $11) 56... exf5+ 57.
Kxf5 Rc3 58. g6+ Kg8 59. Be5 $2 {As Yermo pointed out both in post-mortem and
in our later analysis about the game this is a an empty move!The bishop has
nothing to do there on e5.} (59. Bf4 Rf3 60. Kg4 Rf1 61. Re8 Rg1+ 62. Kf3 Rf1+
63. Kg3 Rh1 64. Re5 $16) 59... Rf3+ 60. Kg4 Rf1 61. Bg3 Rg1 62. Kf3 Rf1+ 63.
Kg2 $2 {Another bad move white should avoid the rook swap.} (63. Bf2 Bd6 (63...
Rh1 64. Re5 Nd7 65. Rf5 $16) 64. Re8 Kg7 65. Rc8 (65. Rd8 $4 Be7) 65... Bf4 66.
Rc6 Nd7 67. Kxf4 Rxf2+ 68. Ke3 Rf8 69. Rc7 Rd8 70. Kf4 Kh6 71. Kf5 Nf8 72. g7
Nh7 73. Rb7 Re8 74. Rxb6+ Kxg7 75. h6+ {and white has all the chances.}) 63...
Rf5 64. Re5 Rxe5 65. Bxe5 $11 Nd7 (65... Bb2 {also leads to a draw.} 66. Kf3
Ne6 (66... Nd7 67. Kf4 Nxe5 68. Kxe5 Kg7 69. Kxd5 Kh6 70. a4 Ba1 $11) 67. h6
Nf8 68. h7+ Nxh7 69. gxh7+ Kxh7 70. a4 Kg6 71. Ke3 Kf5 72. Bc7 Bc3 73. Bxb6 Be1
74. Bc5 Ke6 75. Ke2 Bc3 76. Kd3 Be1 77. Kc2 Kf5 $11) 66. Bf4 $4 {White
collapses.Around here I had 15' and "Shurik" 1'.Instead of shaking him up in
time trouble I have tried to flag him which cost me the game.} (66. h6 $1 Nxe5
(66... Nf8 $5 67. h7+ (67. g7 $2 Ng6 68. Bc7 Bc1 $19) 67... Nxh7 68. gxh7+ Kxh7
69. Bc7 b5 70. Bxa5 Kg6 $11 {Again the same drawish endgame.}) 67. dxe5 {
This position is objectively leading to a draw but black has to be careful.
Important factor is that black's bishop belongs to a3-f8 diagonal,but if it
goes toa1-h8 diagonal black is lost.} d4 (67... Bb2 68. e6 Bf6 $2 69. Kf3 d4
70. Ke4 Kh8 (70... Kf8 71. g7+ Kg8 72. Kf5 $18) 71. g7+ Kh7 72. a4 $22 $18) 68.
e6 d3 69. Kf2 Bc5+ 70. Ke1 Bb4+ 71. Kd1 $11) (66. Kf3 {also draws but white
should not touch to his a pawn with pawn on a4 it is lost.} Nxe5+ 67. dxe5 Kg7
68. Kf4 d4 69. Ke4 Bc5 70. Kd3 (70. a4 $4 Kh6 71. Kd3 Bf8 72. e6 Bc5 73. Ke4
Kg7 74. Kd3 Kf6 75. Ke4 Kxe6 76. h6 Kf6 77. h7 Kg7 78. Kd3 Be7 79. Kxd4 Bf6+
80. Kc4 Kxg6 81. Kb5 Kxh7 82. Kxb6 Bc3 $19) 70... Kh6 71. Ke4 Bf8 72. e6 Bc5
73. Kd3 Kg7 (73... b5 $6 {does not serve black.} 74. Ke4 b4 75. Kd3 Kg7 76. Kc4
{white indeed threatens to take on c5.} Bf8 (76... Kf6 $2 77. Kxc5 d3 78. h6 d2
79. g7 d1=Q 80. g8=Q) 77. Kxd4 Kf6 78. Kd5 Ke7 79. Kc6 (79. Ke5 Bg7+ 80. Kf5
Bh6 81. Ke5 $11) 79... Kxe6 80. Kb5 Kf6 81. Kxa5 Kg7 82. Kb5 Kh6 83. Kc4 Be7 (
83... Bg7 $4 84. Kxb4 Kxh5 85. a4 Kxg6 86. a5 Kf5 87. Kc5 Ke6 88. a6 Bh6 89. b4
Kd7 90. Kb6 Kc8 91. a7 Be3+ 92. Ka6 Bxa7 93. Kxa7 $18) 84. Kd5 Bf8 85. Ke6 Bg7
86. Kf7 Bc3 87. Kf8 Be5 88. Kg8 $11) 74. Ke4 Kf6 75. Kd3 Kxe6 76. h6 Kf6 77. h7
Kg7 78. Ke4 Be7 79. Kxd4 Bf6+ 80. Kc4 Kxg6 81. Kb5 Bd4 82. h8=Q Bxh8 83. Kxb6
$11) 66... Bb2 $19 67. Kf3 (67. Be3 Nf6 68. h6 Ng4 69. Kf3 Nxe3 70. h7+ Kg7 71.
Kxe3 Kh8 (71... Bc1+ $2 72. Kf3 Bg5 73. Kg4 Bf6 74. Kf5 Bxd4 75. Ke6 Kxg6 76.
Kxd5 Bf6 77. Kc6 Kxh7 78. Kxb6 $11 {With his pawn on a2 white never lose this
kind of positions.}) 72. Kd3 Bc1 73. Ke2 Bg5 74. Kf3 Bf6 75. Kg4 Bxd4 76. Kf5
Bg7 77. Kf4 Bf6 $19) 67... Bxd4 68. h6 $2 {Final flash of stupidity.} (68. Kg4
Bc3 69. h6 d4 70. Kf3 d3 71. Ke3 d2 72. Ke2 Ne5 $19) 68... Ne5+ $1 $19 69. Bxe5
Bxe5 70. Ke3 Kf8 71. Kd3 Ke7 72. a4 Kf6 73. g7 Kf7 74. Ke3 Bb2 75. Kd3 Bc1 76.
Kd4 Bxh6 77. Kxd5 Be3 78. Kc4 Kxg7 79. b4 Bd2 80. bxa5 bxa5 0-1

[Event "Subasic Memorial 5th"]
[Site "Zenica"]
[Date "2006.12.15"]
[Round "8"]
[White "Atalik, Suat"]
[Black "Stojanovic, Dalibor"]
[Result "1/2-1/2"]
[WhiteElo "2583"]
[BlackElo "2469"]
[Annotator "Atalik,S"]
[PlyCount "135"]
[EventDate "2006.12.08"]
[EventType "tourn"]
[EventRounds "9"]
[EventCountry "BIH"]
[EventCategory "9"]
[SourceTitle "CBM 115 Extra"]
[Source "ChessBase"]
[SourceDate "2007.01.10"]
[SourceVersion "1"]
[SourceVersionDate "2007.01.10"]
[SourceQuality "1"]

1. d4 Nf6 2. c4 e6 3. Nf3 b6 4. g3 Ba6 5. Qc2 $5 {For many years this was
considered to be mistake. However, by advance sex (Man+Computer) some young
people came up with a new approach based on a central pawn sac.} Bb7 (5... c5
6. d5 $1 $44 {This makes the line playable.}) 6. Bg2 Bb4+ $5 {An absolutely
new approach.} (6... c5 7. d5 exd5 8. cxd5 $44 {is identical to the starting
points of the line mentioned above.}) 7. Nc3 (7. Bd2 Bxd2+ 8. Qxd2 $14 {
transposes to some hybrid between the QID and Bogo.} (8. Nbxd2 c5 9. e4 cxd4
10. Nxd4 O-O 11. O-O d6 $11)) 7... Be4 8. Qb3 Bxc3+ 9. Qxc3 O-O 10. O-O a5 $5 {
A tempo waste!} (10... d6 11. b3 {With White's pawn on a2 White is not afraid
from this kind of play since Black's counterplay with b5 does amount to
anything.} (11. b4 Nbd7 12. Bb2 $14) 11... Nbd7 12. Bb2 $14) 11. Bg5 $6 {
I have a weakness for this idiotic move. All success I had with it might have
been associated with my win in a similar position against the current WWC Xu
Yuhua in Beijing 1997.} (11. b3 d6 12. Bb2 Nbd7 13. Rfe1 c6 14. Bf1 d5 15. Nd2
$14) 11... h6 $2 {This is some serious cooperation by Black. Dalibor was not
alarmed about his lagging development.} (11... d6 12. Bxf6 (12. Qe3 Nbd7) (12.
Nd2 Bxg2 13. Kxg2 Nbd7 14. Qf3 h6 15. Bxf6 Nxf6 16. Qc6 Qd7 17. Qxd7 Nxd7 $11)
(12. c5 Nbd7 13. cxd6 cxd6 $11) 12... Qxf6 13. Qe3 Bb7 $11) 12. Bxf6 Qxf6 13.
Qe3 $1 Bxf3 $6 (13... Bb7 14. Qd3 Nc6 15. e4 $14 {is not terrible for Black.})
14. Qxf3 $1 {I thought that my queen stands in front of my pieces and after
the exchange my advantage would have become bigger in the endgame due to
better piece and bigger space. So according to my chess logic after the swap I
would have performed pawn breaks with c5 or d5 easier.} (14. Bxf3 Nc6 15. Rfd1
Rad8 $14) 14... Qxf3 15. Bxf3 Nc6 16. Rfd1 Rab8 17. Rac1 Rfd8 18. e3 $1 (18.
Bxc6 dxc6 19. d5 Rd6 $1 20. dxe6 fxe6 $11) 18... Na7 19. c5 $1 c6 (19... bxc5
20. Rxc5 Rxb2 21. a4 $1 (21. Rxa5 Nb5 22. a4 Nd6 23. Ra1 $16) (21. Rxc7 $2 Nb5
22. Rb7 Rb4 $132) 21... c6 22. Rxa5 Nc8 23. Ra8 $16) 20. b3 Kf8 21. e4 f6 22.
d5 {So far White has brought in all the desired pawn pushes.} e5 23. Be2 $6 {
Difficult to say where the light squared bishop should stay, I have thought
that I cut any further counterplay from him connected with Nb5.} (23. Bg4 $142
$16) (23. cxb6 Rxb6 24. Bg4 $16) 23... d6 $1 $138 {I have thought he will lose
the game in a couple of moves. Sometimes you forget about the defensive
abilities of this strange piece so called the knight.} 24. dxc6 (24. cxb6 $6
Rxb6 25. dxc6 Nxc6 26. Rd5 $14) 24... Nxc6 (24... dxc5 $2 25. c7 Rxd1+ 26. Rxd1
Rc8 27. Rd8+ (27. Rd7 $18) 27... Ke7 28. Rxc8 Nxc8 29. Bg4 $18) 25. Rxd6 (25.
Bb5 $2 Na7 (25... Nd4 26. c6 (26. Rxd4 bxc5 (26... exd4 27. c6 Rdc8 $14)) 26...
Nxb5 27. c7 Nxc7 28. Rxc7 $44) 26. c6 Nxb5 27. c7 Nxc7 28. Rxc7 $44) 25... Rxd6
(25... Nd4 $6 26. Rxd8+ Rxd8 27. Ba6 b5 28. Kg2 Rd7 29. c6 Rc7 30. Bb7 Ke7 31.
Rc5 $16) 26. cxd6 Nd4 27. Bh5 $1 {It is amazing that Black can survive after
this.} (27. Bg4 Rd8 28. d7 g6 29. Rc7 Ke7 30. Bh3 Nf3+ 31. Kg2 Ng5 $11) (27.
Ba6 Rd8 28. Rc7 Rxd6 29. Bc4 g5 $11) 27... Rd8 28. Rc7 Rxd6 29. Bg6 (29. Rf7+
Kg8) 29... Ne6 30. Rf7+ Kg8 31. Re7 $2 {This tiny mistake changed a lot of
things.} (31. Rb7 $1 Kf8 (31... Nf8 $2 32. Rb8 Rd2 33. a4 Rd3 34. Bf5 Rd6 35.
h4 g5 36. h5 $1 Kg7 37. Rb7+ Kg8 38. Kg2 Ne6 39. Bxe6+ Rxe6 40. Kf3 Rd6 41. Kg4
$18) 32. Kg2 Nd8 33. Ra7 $16) 31... Nf8 $1 32. Bf7+ {A sad necessity.} ({
All of a sudden I have realised that I do not have a mating mechanism after} 
32. Re8 Rd2 $11) 32... Kh7 33. Re8 (33. Bd5 Nd7) 33... Nd7 34. Be6 Nc5 35. Bf5+
g6 36. Re7+ Kg8 37. Bxg6 Rd2 38. Rc7 Rxa2 39. Bf7+ Kh8 40. Bd5 Nd3 $44 {
White has won a pawn by force but now his kingside pawns are in danger.} 41.
Rf7 (41. Rc6 Kg7 42. Rxb6 h5 $1 $44 (42... Nxf2 $2 43. Rb7+ Kg6 44. Bf7+ Kg5
45. Be6 $18)) (41. Kg2 $2 Nxf2 42. Kf3 h5 $1 $19) 41... Nxf2 (41... Rxf2 42.
Rb7) 42. Rxf6 (42. b4 $2 Nh3+ 43. Kf1 Rf2+ 44. Ke1 axb4 45. Be6 Rxh2 $19) 42...
Nh3+ 43. Kf1 Kg7 44. Rxb6 Rf2+ 45. Ke1 Rxh2 $11 46. Be6 $2 {Trying to bring
the bishop on f5 is a time consuming and wrong idea.} (46. Ra6 Rg2 47. Rxa5
Rxg3 48. b4 $11) 46... Ng5 47. Bf5 Nf3+ 48. Kd1 Nd4 49. Rg6+ Kf7 50. Ra6 Nxf5
$2 {This loses the advantage a little bit too early.} (50... h5 51. Ke1 (51.
Rxa5 $2 Rh1+ 52. Kd2 Nxb3+ $19) 51... Ra2 52. Bg6+ Ke7 53. Bxh5 Nxb3 $15) 51.
exf5 h5 52. Rh6 $6 {An empty move.} (52. Rxa5 Kf6 53. Ra4 Rg2 54. Rh4 $11)
52... Rg2 53. Rg6 $5 (53. Rxh5 Kf6 (53... Rxg3 54. Rh7+ Kf6 55. Ra7 $11) 54.
Rh4 Rxg3 55. Ra4 $11) 53... Rb2 54. Re6 Rxb3 55. Rxe5 a4 56. Ra5 a3 57. Ke2
Rxg3 58. Kf2 Rb3 59. Ra6 h4 60. Kg2 h3+ 61. Kh2 $11 {With his king cut from
the 6th rank Black has to agree for a draw soon.} Ke7 62. Re6+ Kf7 63. Ra6 Rf3
64. Kg1 Ke7 65. Kh2 Kd7 66. f6 Ke8 (66... Kc7 67. f7 $11) 67. Ra7 Rxf6 68. Rxa3
1/2-1/2